[Event "SVK-chT2A 2223"]
[Site "Slovakia"]
[Date "2022.11.26"]
[Round "5.5"]
[White "Vozarova, Adriana"]
[Black "Gajarsky, Julius"]
[Result "1/2-1/2"]
[WhiteElo "1785"]
[BlackElo "1608"]
[PlyCount "76"]
[EventDate "2022.10.08"]
[EventType "team-tourn"]
[EventRounds "11"]
[EventCountry "SVK"]
[SourceTitle "EXT 2024"]
[Source "ChessBase"]
[SourceDate "2023.10.10"]
[SourceVersion "1"]
[SourceVersionDate "2023.10.10"]
[SourceQuality "1"]
[WhiteTeam "Osuske II"]
[BlackTeam "Modranka Komplet"]
[WhiteTeamCountry "SVK"]
[BlackTeamCountry "SVK"]

1. e4 c5 2. Nf3 Nc6 3. d4 cxd4 4. Nxd4 Nf6 5. Nc3 e5 6. Nb3 Be7 7. Bc4 0-0 8. 0-0 a6 9. a4 h6 10. Be3 d6 11. f3 Kh8 12. Qe2 Qc7 13. a5 Be6 14. Rfd1 Bxc4 15. Qxc4 Rac8 16. Bb6 Qb8 17. Qd3 Nb4 18. Qd2 Nd7 19. Be3 Kh7 20. Ra4 Nc6 21. Nd5 Bd8 22. c3 b5 23. Raa1 Ne7 24. Nc1 Nc6 25. b4 Ne7 26. Ne2 Nxd5 27. Qxd5 Be7 28. Rac1 Nf6 29. Qd3 Rc4 30. Ng3 g6 31. Qd2 Ng8 32. Bb6 Bg5 33. Be3 Be7 34. Qd3 Rfc8 35. Qd5 Rf8 36. Qd3 Rfc8 37. Qd5 Rf8 38. Qd3 Rfc8 1/2-1/2

[Event "SVK-chT3A2 2122"]
[Site "Slovakia"]
[Date "2022.01.30"]
[Round "8.6"]
[White "Sefcik, Oliver"]
[Black "Vozarova, Adriana"]
[Result "0-1"]
[WhiteElo "1315"]
[BlackElo "1728"]
[PlyCount "48"]
[EventDate "2021.10.10"]
[EventType "team-tourn"]
[EventRounds "11"]
[EventCountry "SVK"]
[SourceTitle "EXT 2023"]
[Source "ChessBase"]
[SourceDate "2022.10.05"]
[SourceVersion "1"]
[SourceVersionDate "2022.10.05"]
[SourceQuality "1"]
[WhiteTeam "Holic"]
[BlackTeam "Senica CVC"]
[WhiteTeamCountry "SVK"]
[BlackTeamCountry "SVK"]

1. e4 c5 2. f4 Nc6 3. Nf3 g6 4. Bb5 Bg7 5. Bxc6 bxc6 6. 0-0 d5 7. d3 Nf6 8. Nc3 0-0 9. e5 Ne8 10. Qe1 Rb8 11. Nh4 Nc7 12. Qf2 Ne6 13. f5 Nd4 14. f6 exf6 15. exf6 Bh8 16. Bh6 Re8 17. Rae1 Rxe1 18. Rxe1 Be6 19. b3 Bxf6 20. Nf3 Nxf3+ 21. Qxf3 Bxc3 22. Rf1 Bg7 23. Bf4 Rb7 24. Qe3 Bd4 0-1

[Event "SVK-chT4 A21 2122"]
[Site "Slovakia"]
[Date "2021.10.31"]
[Round "2.1"]
[White "Blatnicky, Miroslav"]
[Black "Vozarova, Adriana"]
[Result "1-0"]
[WhiteElo "2108"]
[BlackElo "1729"]
[PlyCount "31"]
[EventDate "2021.10.17"]
[EventType "team-tourn"]
[EventRounds "11"]
[EventCountry "SVK"]
[SourceTitle "EXT 2023"]
[Source "ChessBase"]
[SourceDate "2022.10.05"]
[SourceVersion "1"]
[SourceVersionDate "2022.10.05"]
[SourceQuality "1"]
[WhiteTeam "Vrbove II"]
[BlackTeam "Stefanov"]
[WhiteTeamCountry "SVK"]
[BlackTeamCountry "SVK"]

1. e4 c5 2. Nf3 Nc6 3. d4 cxd4 4. Nxd4 g6 5. Be3 Bg7 6. Bc4 Nf6 7. Nc3 0-0 8. Bb3 Qa5 9. f3 d5 10. exd5 Nb4 11. Qd2 Rd8 12. 0-0-0 Nbxd5 13. Nxd5 Qxd2+ 14. Rxd2 Nxd5 15. Nb5 Be6 16. Rhd1 1-0

[Event "SVK-chT2A 2122"]
[Site "Slovakia"]
[Date "2021.10.17"]
[Round "2.7"]
[White "Lacko, Anton"]
[Black "Vozarova, Adriana"]
[Result "1-0"]
[WhiteElo "1913"]
[BlackElo "1728"]
[PlyCount "65"]
[EventDate "2021.10.16"]
[EventType "team-tourn"]
[EventRounds "11"]
[EventCountry "SVK"]
[SourceTitle "EXT 2023"]
[Source "ChessBase"]
[SourceDate "2022.10.05"]
[SourceVersion "1"]
[SourceVersionDate "2022.10.05"]
[SourceQuality "1"]
[WhiteTeam "Senec"]
[BlackTeam "Osuske II"]
[WhiteTeamCountry "SVK"]
[BlackTeamCountry "SVK"]

1. e4 c5 2. Nf3 Nc6 3. d4 cxd4 4. Nxd4 g6 5. Nc3 Bg7 6. Nde2 Nf6 7. g3 0-0 8. Bg2 d6 9. 0-0 Bg4 10. h3 Bd7 11. Nd5 Nxd5 12. exd5 Ne5 13. Nd4 Qc8 14. Kh2 Qc5 15. Nb3 Qc7 16. f4 Nc4 17. c3 Qb6 18. Re1 Rfe8 19. a4 a5 20. Re2 Rac8 21. Nd4 Bxd4 22. cxd4 Qb4 23. b3 Qc3 24. Raa2 Nb6 25. Ba3 Qc7 26. Qe1 Bf5 27. Qxa5 h5 28. Re3 Ra8 29. Qe1 Kf8 30. g4 hxg4 31. hxg4 Bxg4 32. Qh4 Bh5 33. Bf3 1-0

[Event "Liptovsky Jan Slovak op U2200"]
[Site "Liptovsky Jan"]
[Date "2021.06.19"]
[Round "4"]
[White "Vozarova, Adriana"]
[Black "Ziaran, Viliam"]
[Result "0-1"]
[WhiteElo "1775"]
[BlackElo "1903"]
[PlyCount "24"]
[EventDate "2021.06.17"]
[EventType "swiss"]
[EventRounds "7"]
[EventCountry "SVK"]
[SourceTitle "CBM 203 Extra"]
[Source "ChessBase"]
[SourceDate "2021.09.30"]
[SourceVersion "1"]
[SourceVersionDate "2021.09.30"]
[SourceQuality "1"]

1. e4 c5 2. Nf3 e6 3. d4 cxd4 4. Nxd4 a6 5. Nc3 Qc7 6. Be3 Nf6 7. Qd2 Bb4 8. f3 d5 9. Bd3 e5 10. Nb3 d4 11. Nxd4 exd4 12. Bxd4 Nc6 0-1

[Event "SVK-ch U20 Girls"]
[Site "Lubovna"]
[Date "2020.08.22"]
[Round "9"]
[White "Fajtakova, Silvia"]
[Black "Vozarova, Adriana"]
[Result "0-1"]
[WhiteElo "1509"]
[BlackElo "1745"]
[PlyCount "46"]
[EventDate "2020.08.15"]
[EventType "swiss"]
[EventRounds "9"]
[EventCountry "SVK"]
[SourceTitle "EXT 2021"]
[Source "ChessBase"]
[SourceDate "2020.10.23"]
[SourceVersion "1"]
[SourceVersionDate "2020.10.23"]
[SourceQuality "1"]

1. e4 c5 2. Nf3 Nc6 3. d4 cxd4 4. Nxd4 Nf6 5. Nc3 g6 6. Be3 Bg7 7. Be2 0-0 8. 0-0 d5 9. exd5 Nxd5 10. Nxc6 bxc6 11. Nxd5 cxd5 12. Bd4 Bf5 13. Bf3 Bxc2 14. Qxc2 Bxd4 15. Rad1 e5 16. b3 Rc8 17. Qd2 Qd6 18. Qa5 Rfd8 19. Rc1 e4 20. Bg4 Rxc1 21. Rxc1 Bb6 22. Qe1 Qf4 23. Be2 Bxf2+ 0-1

[Event "EU-ch U16 Girls"]
[Site "Bratislava"]
[Date "2019.08.03"]
[Round "2"]
[White "Kuzich, Aryna"]
[Black "Vozarova, Adriana"]
[Result "1/2-1/2"]
[WhiteElo "1940"]
[BlackElo "1647"]
[PlyCount "71"]
[EventDate "2019.08.02"]
[EventType "swiss"]
[EventRounds "9"]
[EventCountry "SVK"]
[SourceTitle "CBM 191 Extra"]
[Source "ChessBase"]
[SourceDate "2019.09.30"]
[SourceVersion "1"]
[SourceVersionDate "2019.09.30"]
[SourceQuality "1"]

1. e4 c5 2. Nf3 Nc6 3. d4 cxd4 4. c3 d3 5. c4 g6 6. Bxd3 Bg7 7. 0-0 d6 8. h3 Nf6 9. Nc3 0-0 10. Be3 b6 11. Rc1 Bb7 12. Qd2 Re8 13. Rfd1 Rc8 14. b3 Nd7 15. Ne1 Nc5 16. Bf1 Ne5 17. f3 Qd7 18. Qf2 a5 19. f4 Nc6 20. Nd5 Qd8 21. e5 Nb4 22. Nxb4 axb4 23. Nd3 Ne4 24. Qe1 Nc3 25. Rd2 Ne4 26. Rdd1 Nc3 27. Rd2 Ne4 28. Re2 Nc3 29. Rd2 Ne4 30. Re2 Nc3 31. Rd2 Ne4 32. Rdd1 Nc3 33. Rd2 Ne4 34. Re2 Nc3 35. Rd2 Ne4 36. Rdd1 1/2-1/2

[Event "EU-ch U16 Girls"]
[Site "Bratislava"]
[Date "2019.08.02"]
[Round "1"]
[White "Vozarova, Adriana"]
[Black "Khachatryan, Veronika"]
[Result "1/2-1/2"]
[WhiteElo "1647"]
[BlackElo "1975"]
[PlyCount "91"]
[EventDate "2019.08.02"]
[EventType "swiss"]
[EventRounds "9"]
[EventCountry "SVK"]
[SourceTitle "CBM 191 Extra"]
[Source "ChessBase"]
[SourceDate "2019.09.30"]
[SourceVersion "1"]
[SourceVersionDate "2019.09.30"]
[SourceQuality "1"]

1. e4 c5 2. Nf3 Nc6 3. Bb5 g6 4. c3 Bg7 5. 0-0 Nf6 6. Qe2 0-0 7. d4 cxd4 8. cxd4 d5 9. e5 Ne4 10. h3 Qb6 11. Rd1 a6 12. Ba4 Rd8 13. Bc2 Nb4 14. Bb3 Bf5 15. Nh4 Be6 16. Nc3 Nxc3 17. bxc3 Nc6 18. Be3 Na5 19. Rab1 Qc7 20. Bd2 b5 21. f4 Nc4 22. Bxc4 Qxc4 23. Qxc4 bxc4 24. Rb7 Bd7 25. Rdb1 Bf8 26. Bc1 e6 27. Nf3 Bc6 28. R7b6 Rdc8 29. Nh2 Be7 30. Ng4 h5 31. Nf6+ Kg7 32. Kf2 Bd8 33. R6b2 Ba5 34. Bd2 Bb5 35. g4 hxg4 36. hxg4 Rh8 37. Kg2 Rh4 38. Rh1 Rxh1 39. Kxh1 Rh8+ 40. Kg2 Bd8 41. g5 Be7 42. Ng4 Rh4 43. Nh6 Ba3 44. Rb1 Kf8 45. Kg3 Rh5 46. Ng4 1/2-1/2

[Event "SVK-ch U16/20 Girls"]
[Site "Liptovsky Mikulas"]
[Date "2019.04.26"]
[Round "5"]
[White "Vozarova, Adriana"]
[Black "Taragelova, Martina"]
[Result "0-1"]
[WhiteElo "1628"]
[BlackElo "1839"]
[PlyCount "98"]
[EventDate "2019.04.23"]
[EventType "swiss"]
[EventRounds "9"]
[EventCountry "SVK"]
[SourceTitle "CBM 190 Extra"]
[Source "ChessBase"]
[SourceDate "2019.07.15"]
[SourceVersion "1"]
[SourceVersionDate "2019.07.15"]
[SourceQuality "1"]

1. e4 c6 2. d4 d5 3. exd5 cxd5 4. Bd3 Nc6 5. c3 Qc7 6. Ne2 Bg4 7. 0-0 Nf6 8. Qc2 e5 9. dxe5 Nxe5 10. Bb5+ Bd7 11. Bxd7+ Qxd7 12. Nd4 0-0-0 13. b4 h5 14. a4 h4 15. h3 Ne4 16. Nd2 Nxd2 17. Bxd2 f6 18. Be3 Nc4 19. Nb5 Nxe3 20. fxe3 Kb8 21. Qf2 a6 22. Nd4 Bd6 23. a5 Be5 24. b5 Bxd4 25. cxd4 Qxb5 26. Rfb1 Qd7 27. Qe2 Ka7 28. Rb6 Rc8 29. Rab1 Rc7 30. Qb2 Rhc8 31. Qb4 Rc1+ 32. Rxc1 Rxc1+ 33. Kh2 Qc7+ 34. Qd6 Kb8 35. Qf4 Qxf4+ 36. exf4 Rc6 37. Rb4 Re6 38. Kg1 Re4 39. Kf2 Rxf4+ 40. Ke3 Re4+ 41. Kd3 Kc7 42. Rb6 Re1 43. Kc3 Rc1+ 44. Kd3 Rc6 45. Rb2 b6 46. Ra2 b5 47. Re2 Kd7 48. Rb2 Rc4 49. Rb1 Ra4 0-1

[Event "SVK-chT U20 final"]
[Site "Trnava"]
[Date "2018.05.06"]
[Round "5.4"]
[White "Majirska, Karin"]
[Black "Vozarova, Adriana"]
[Result "0-1"]
[WhiteElo "1585"]
[BlackElo "1718"]
[PlyCount "48"]
[EventDate "2018.05.04"]
[EventType "team-tourn"]
[EventRounds "5"]
[EventCountry "SVK"]
[SourceTitle "EXT 2019"]
[Source "ChessBase"]
[SourceDate "2018.10.10"]
[SourceVersion "1"]
[SourceVersionDate "2018.10.10"]
[SourceQuality "1"]
[WhiteTeam "Michalovce Zemplin Junior"]
[BlackTeam "Bratislava Slovan"]
[WhiteTeamCountry "SVK"]
[BlackTeamCountry "SVK"]

1. c4 c5 2. Nc3 Nc6 3. g3 g6 4. Bg2 Bg7 5. Nf3 Nf6 6. 0-0 0-0 7. e3 e6 8. d4 cxd4 9. exd4 d5 10. cxd5 Nxd5 11. Re1 Nb6 12. Ne2 Qe7 13. b3 Rd8 14. Bb2 e5 15. Qc2 Bf5 16. Qc3 Nd5 17. Qc1 Rac8 18. Nc3 Nxc3 19. Bxc3 e4 20. Nd2 Nxd4 21. Nxe4 Bxe4 22. Bxe4 Rxc3 23. Qf4 Qc7 24. Qg4 f5 0-1

[Event "SVK-ch U14 Girls"]
[Site "Liptovsky Mikulas"]
[Date "2018.04.27"]
[Round "9"]
[White "Vozarova, Adriana"]
[Black "Mikova, Miriam"]
[Result "1/2-1/2"]
[WhiteElo "1619"]
[BlackElo "1000"]
[PlyCount "38"]
[EventDate "2018.04.21"]
[EventType "swiss"]
[EventRounds "9"]
[EventCountry "SVK"]
[SourceTitle "CBM 184 Extra"]
[Source "ChessBase"]
[SourceDate "2018.06.28"]
[SourceVersion "1"]
[SourceVersionDate "2018.06.28"]
[SourceQuality "1"]

1. e4 e5 2. f4 d6 3. Nf3 Nc6 4. Bc4 Be7 5. 0-0 h6 6. d4 exd4 7. Nxd4 Nf6 8. Nxc6 bxc6 9. e5 Nd7 10. e6 Nb6 11. exf7+ Kf8 12. Bd3 Be6 13. Nc3 Bxf7 14. Qg4 Qd7 15. f5 Rb8 16. Be3 c5 17. Bb5 Qd8 18. Rad1 Nd7 19. Bxd7 Qxd7 1/2-1/2

[Event "SVK-ch U14 Girls"]
[Site "Liptovsky Mikulas"]
[Date "2018.04.21"]
[Round "1"]
[White "Vozarova, Adriana"]
[Black "Krahulcova, Martina"]
[Result "1-0"]
[WhiteElo "1619"]
[BlackElo "1327"]
[PlyCount "35"]
[EventDate "2018.04.21"]
[EventType "swiss"]
[EventRounds "9"]
[EventCountry "SVK"]
[SourceTitle "CBM 184 Extra"]
[Source "ChessBase"]
[SourceDate "2018.06.28"]
[SourceVersion "1"]
[SourceVersionDate "2018.06.28"]
[SourceQuality "1"]

1. e4 e5 2. Nf3 Nc6 3. d4 exd4 4. Bc4 h6 5. Nxd4 Bc5 6. Bxf7+ Kxf7 7. Qh5+ g6 8. Qxc5 Nxd4 9. Qxd4 Qf6 10. e5 Qe6 11. 0-0 Ne7 12. Nd2 Nf5 13. Qc3 c6 14. Ne4 Re8 15. Re1 b6 16. Bxh6 Ke7 17. Bg5+ Kf8 18. Nf6 1-0

[Event "SVK-chT4 A21 1718"]
[Site "Slovakia"]
[Date "2018.02.11"]
[Round "9.3"]
[White "Holiencin, Filip"]
[Black "Vozarova, Adriana"]
[Result "1/2-1/2"]
[WhiteElo "1726"]
[BlackElo "1554"]
[PlyCount "125"]
[EventDate "2017.10.01"]
[EventType "team-tourn"]
[EventRounds "11"]
[EventCountry "SVK"]
[SourceTitle "EXT 2020"]
[Source "ChessBase"]
[SourceDate "2019.10.17"]
[SourceVersion "1"]
[SourceVersionDate "2019.10.17"]
[SourceQuality "1"]
[WhiteTeam "Holic II"]
[BlackTeam "Stefanov"]
[WhiteTeamCountry "SVK"]
[BlackTeamCountry "SVK"]

1. d4 d5 2. c4 e6 3. Nf3 c6 4. Nc3 f5 5. Bg5 Nf6 6. e3 Bd6 7. Ne5 0-0 8. Bd3 Qe8 9. f4 Nbd7 10. 0-0 h6 11. Bxf6 Nxf6 12. cxd5 exd5 13. Qb3 Kh8 14. Na4 Ng4 15. Rf3 Nxe5 16. dxe5 Be7 17. Rc1 b5 18. Nc5 Bxc5 19. Rxc5 Be6 20. Qc2 Rc8 21. Kh1 Qd7 22. Rf1 Rc7 23. Rc1 a6 24. Rxc6 Rxc6 25. Qxc6 Rc8 26. Qxc8+ Qxc8 27. Rxc8+ Bxc8 28. g3 Kg8 29. Kg2 Kf7 30. Kf2 Ke7 31. Ke2 b4 32. Kd2 Kd8 33. Kc2 Kc7 34. Kb3 a5 35. Bb5 Kb6 36. Be8 Be6 37. Kc2 Kc5 38. Kd3 Bc8 39. Bf7 Ba6+ 40. Kd2 Bc8 41. e6 Kd6 42. e7 Kxe7 43. Bxd5 Kd6 44. Bc4 Kc5 45. Bd3 Be6 46. a3 Kd5 47. axb4 axb4 48. Kc2 Kc5 49. b3 Kd6 50. e4 fxe4 51. Bxe4 Kc5 52. f5 Bf7 53. g4 Kd4 54. Bd3 Ke5 55. Bc4 Be8 56. h4 Kf4 57. Be2 Bf7 58. Bc4 Bxc4 59. bxc4 Kxg4 60. Kb3 Kxf5 61. Kxb4 g5 62. hxg5 hxg5 63. Kc3 1/2-1/2

[Event "Liptovsky Mikulas CupT U20"]
[Site "Liptovsky Mikulas"]
[Date "2017.06.25"]
[Round "8.4"]
[White "Cizek, Jan"]
[Black "Vozarova, Adriana"]
[Result "1/2-1/2"]
[WhiteElo "1100"]
[BlackElo "1681"]
[PlyCount "30"]
[EventDate "2017.06.21"]
[EventType "team-swiss"]
[EventRounds "8"]
[EventCountry "SVK"]
[SourceTitle "CBM 179 Extra"]
[Source "ChessBase"]
[SourceDate "2017.08.23"]
[SourceVersion "1"]
[SourceVersionDate "2017.08.23"]
[SourceQuality "1"]
[WhiteTeam "Svetla nad Sazavou"]
[BlackTeam "Bratislava KSN"]
[WhiteTeamCountry "CZE"]
[BlackTeamCountry "SVK"]

1. e4 e5 2. f4 exf4 3. Nf3 Nc6 4. Bc4 g6 5. d4 Bg7 6. c3 Nge7 7. Bxf4 0-0 8. 0-0 a6 9. Qc1 b5 10. Bb3 Re8 11. Ng5 d5 12. Nxf7 Qd7 13. Nh6+ Bxh6 14. Bxh6 Qe6 15. Qf4 Bd7 1/2-1/2